Statistics for Russian Alphabet

Click here to take the quiz!

General Stats

  • This quiz has been taken 665 times
    (637 since last reset)
  • The average score is 27 of 31

Answer Stats

CyrillicLatin% Correct
Ааa
100%
Ббb
100%
Eee/ye
97%
Ддd
96%
Ввv/w
96%
Ггg
94%
Ккk
94%
Ооo
94%
Ммm
93%
Ттt
93%
Ррr
92%
Ллl
91%
Ннn
91%
Ппp
91%
Ссs
91%
Ииi
90%
Ффf
89%
Ууu
88%
Ззz
87%
Шшš/sh
84%
Жжž/zh
82%
Ххh/ch
81%
Ййj
81%
Яяya
81%
Ццts/c/z
80%
Ээe
79%
Ччč/ch
78%
Ёёyo
76%
Ыыy/i
73%
Ююyu
73%
Щщšč/shch
63%

Score Distribution

Percentile by Number Answered

Percent of People with Each Score

Your Score History

You have not taken this quiz since the last reset